8 Channels Characters - Statistics

General Stats
  • This quiz has been taken 7 times
  • The average score is 23 of 35
Answer Stats
Answer % Correct
Bender Defender
100%
Bobby Benson
100%
Bridget Rhines
100%
Fender Defender
100%
Jake
100%
Kane Links
100%
Kyle Moore
100%
Lena Marks
100%
Matt Rhines
100%
Michael Pinestring
100%
Nilus Frinths
100%
Rejec Ted
100%
Reven Sleeks
100%
Seth Rhines
100%
Clara Riley
67%
Glena Marks
67%
Jumin Skopes
67%
Kenn Biggums
67%
Mrs. Maher-Grenen
67%
Nate Lance
67%
Phillip Knight
67%
Statue
67%
Trea Kobant
67%
Breu
33%
Buck
33%
Chase Ya
33%
Edith
33%
Logan Inum
33%
Mr. White
33%
Perez
33%
President Jobama
33%
Sanji
33%
Zoro
33%
Rex Rocketman
0%
Shinji Ikari
0%
No matching quizzes found
Score Distribution
Percent of People with Each Score
Percentile by Number Answered
Your Score History
You have not taken this quiz